Online Catalogue and eLibrary

Theresa mawutumiya : (Record no. 5294)

MARC details
000 -LEADER
fixed length control field 00426nam a2200157Ia 4500
005 - DATE AND TIME OF LATEST TRANSACTION
control field 20250703023808.0
008 - FIXED-LENGTH DATA ELEMENTS--GENERAL INFORMATION
fixed length control field 240331s9999 xx 000 0 und d
020 ## - INTERNATIONAL STANDARD BOOK NUMBER
ISBN 9552028795
082 ## - DDC Classification
Item Number - Author Mark RAT
Class No. 920
100 ## - MAIN ENTRY--PERSONAL NAME
Personal name Ratnakara,S
245 #0 - TITLE STATEMENT
Title Theresa mawutumiya :
Remainder of title dayawe devagana
260 ## - PUBLICATION, DISTRIBUTION, ETC.
Place of publication, distribution, etc. Colombo
Name of publisher, distributor, etc. S. Godage & BRothers
Date of publication, distribution, etc. 1998
300 ## - PHYSICAL DESCRIPTION
Extent (e.g. Volumes, Pages etc.) 135 p .,
500 ## - GENERAL NOTE
General note A book on Teresa of Mawtumi - Mother of Mercy
942 ## - Koha item type (Biblio)
Koha item type Books in Stacks (Lending)
Holdings
Lost status Damaged status Collection code Home library Current library Shelving location Date acquired Full call number Accession Number Item type
    Lending WERC Library WERC Library Social Science Cupboard 03/31/2024 920 RAT 2650 Books in Stacks (Lending)

© WERC Library